01073nam a2200205 a 450000100100000000500170001000800410002702000180006804000250008610000380011124501240014926001570027330000200043070000310045071000540048195201050053595201050064095201050074599900170085000004049320201002034152.0130821s2010 mx 000 0 spa d a9786070220241 aDO-SdBNPbspacBNPHU1 aReyes, Alfonso,d1890-195996663413aFastos de maratón :bdiscurso de ingreso a la Academia Mexicana de la Lengua, 23 de octubre de 1918 /cAlfonso Reyes. aMéxico :bUniversiad Nacional Autónoma de México. Dirección General de Publicaciones y Fomento EditorialbAcademia Mexicana de la Lengua,c2010. a56 p. ;c18 cm.1 aTorres Bodet, Jaime9616752 aUniversiad Nacional Autónoma de México966211 001050718MOaGRbGRcCTd2013-08-26iLF1l0o p40493-10r2020-06-25w2020-06-25y1ZNo se presta 001050718MOaGRbGRcCTd2013-08-26iLF1l0o p40493-20r2020-06-25w2020-06-25y1ZNo se presta 001050718MOaGRbGRcCTd2013-08-26iLF1l0o p40493-30r2020-06-25w2020-06-25y1ZNo se presta c39983d39983